|
|
|
|
| LEADER |
00000nam a2200000 a 4500 |
| 001 |
UCI4311 |
| 003 |
CL-VaPUC |
| 008 |
080111e19490000AG |||||||||||||||||spa|d |
| 082 |
0 |
4 |
|a 232.91
|b MAG
|2 21
|
| 100 |
0 |
|
|a Magdalena de Pazzis
|e author
|9 526133
|
| 245 |
1 |
0 |
|a Mater mea fiducia mea. Vida de la SSma Virgen
|
| 300 |
|
|
|a 208 p
|
| 942 |
|
|
|c BK
|
| 945 |
|
|
|d 20080111 00:00:00
|a rbrito
|
| 260 |
|
|
|a Buenos Aires
|b Paulinas
|c 1949
|
| 500 |
|
|
|a Donación Padres Capuchinos
|
| 600 |
|
0 |
|a Virgen María
|9 314204
|
| 650 |
|
0 |
|a Mariología
|9 365249
|
| 583 |
|
|
|a last modification
|c 20080111 00:00:00
|k Rodrigo Vera
|
| 999 |
|
|
|c 328267
|d 328265
|
| 952 |
|
|
|0 0
|1 0
|4 0
|6 232_910000000000000_MAG_1949
|7 0
|8 X
|9 412073
|a FDOBUD
|b FDOBUD
|d 2019-11-22
|i 4400852
|o 232.91 MAG 1949
|p 4400852
|r 2019-11-22
|w 2019-11-22
|y BK_X
|k BUD
|